The Psalms for children : (Record no. 11311)
[ view plain ]
| 000 -LEADER | |
|---|---|
| fixed length control field | 01146nam a2200301Ii 4500 |
| 001 - CONTROL NUMBER | |
| control field | 10189051 |
| 003 - CONTROL NUMBER IDENTIFIER | |
| control field | OCoLC |
| 005 - DATE AND TIME OF LATEST TRANSACTION | |
| control field | 20250306034950.0 |
| 008 - FIXED-LENGTH DATA ELEMENTS--GENERAL INFORMATION | |
| fixed length control field | 831205s1983 mnu 000 0 eng d |
| 010 ## - LIBRARY OF CONGRESS CONTROL NUMBER | |
| LC control number | 83070510 |
| 020 ## - INTERNATIONAL STANDARD BOOK NUMBER | |
| International Standard Book Number | 0806620161 |
| 040 ## - CATALOGING SOURCE | |
| Original cataloging agency | IWT |
| Language of cataloging | eng |
| Description conventions | rda |
| Transcribing agency | IWT |
| Modifying agency | TSM |
| 050 ## - LIBRARY OF CONGRESS CALL NUMBER | |
| Classification number | 223.2 |
| Item number | W427P |
| 082 ## - DEWEY DECIMAL CLASSIFICATION NUMBER | |
| Classification number | 223.2 |
| Item number | W427P |
| 090 ## - LOCALLY ASSIGNED LC-TYPE CALL NUMBER (OCLC); LOCAL CALL NUMBER (RLIN) | |
| Classification number (OCLC) (R) ; Classification number, CALL (RLIN) (NR) | BV4315 |
| Local cutter number (OCLC) ; Book number/undivided call number, CALL (RLIN) | .W3736 |
| 100 1# - MAIN ENTRY--PERSONAL NAME | |
| Personal name | Weisheit, Eldon. |
| Authority record control number or standard number | https://id.loc.gov/authorities/names/n79034497 |
| 9 (RLIN) | 442 |
| 245 14 - TITLE STATEMENT | |
| Title | The Psalms for children : |
| Remainder of title | 60 object lessons on the Psalms, series A / |
| Statement of responsibility, etc. | Eldon Weisheit. |
| 264 #1 - PRODUCTION, PUBLICATION, DISTRIBUTION, MANUFACTURE, AND COPYRIGHT NOTICE | |
| Place of production, publication, distribution, manufacture | Minneapolis : |
| Name of producer, publisher, distributor, manufacturer | Augsburg Publishing House, |
| Date of production, publication, distribution, manufacture, or copyright notice | [1983] |
| 264 #4 - PRODUCTION, PUBLICATION, DISTRIBUTION, MANUFACTURE, AND COPYRIGHT NOTICE | |
| Date of production, publication, distribution, manufacture, or copyright notice | ©1983 |
| 300 ## - PHYSICAL DESCRIPTION | |
| Extent | 127 pages ; |
| Dimensions | 20 cm |
| 336 ## - CONTENT TYPE | |
| Content type term | text |
| Content type code | txt |
| Source | rdacontent |
| 337 ## - MEDIA TYPE | |
| Media type term | unmediated |
| Media type code | n |
| Source | rdamedia |
| 338 ## - CARRIER TYPE | |
| Carrier type term | volume |
| Carrier type code | nc |
| Source | rdacarrier |
| 630 00 - SUBJECT ADDED ENTRY--UNIFORM TITLE | |
| Uniform title | Bible. |
| Name of part/section of a work | Psalms |
| Authority record control number or standard number | https://id.loc.gov/authorities/names/n79056804 |
| Form subdivision | Sermons. |
| Authority record control number or standard number | https://id.loc.gov/authorities/subjects/sh2002012024 |
| 9 (RLIN) | 443 |
| 650 #0 - SUBJECT ADDED ENTRY--TOPICAL TERM | |
| Topical term or geographic name entry element | Children's sermons. |
| Authority record control number or standard number | https://id.loc.gov/authorities/subjects/sh85023776 |
| 9 (RLIN) | 444 |
| 655 #7 - INDEX TERM--GENRE/FORM | |
| Genre/form data or focus term | Sermons. |
| Source of term | lcgft |
| Authority record control number or standard number | https://id.loc.gov/authorities/genreForms/gf2015026051 |
| 9 (RLIN) | 445 |
| 942 ## - ADDED ENTRY ELEMENTS (KOHA) | |
| Source of classification or shelving scheme | Dewey Decimal Classification |
| Koha item type | Books |
| Withdrawn status | Lost status | Source of classification or shelving scheme | Damaged status | Not for loan | Collection code | Home library | Current library | Shelving location | Date acquired | Total Checkouts | Full call number | Barcode | Date last seen | Price effective from | Koha item type |
|---|---|---|---|---|---|---|---|---|---|---|---|---|---|---|---|
| Dewey Decimal Classification | Non-fiction | Harvest Mission College | Harvest Mission College | General Stacks | 06.03.2025 | 223.2 W427P | 013251 | 06.03.2025 | 06.03.2025 | Books |
